| 000 | 00539nam a2200169Ia 4500 | ||
|---|---|---|---|
| 008 | 140527s9999 xx 000 0 und d | ||
| 020 | _a9789712361562 | ||
| 050 |
_aHF 5667 _b.N499 2012 |
||
| 100 | _aNg, Mark Francis G. | ||
| 245 |
_aAuditing and assurance principles, standards, and fundamentals/ _cMark Francis G. Ng. |
||
| 260 |
_aManila : _bRex Book Store, _cc2012. |
||
| 300 |
_a388 p. : _bill. ; _c25 cm. |
||
| 500 | _aIncludes bibliographical references and index. | ||
| 521 | _aBSBA | ||
| 942 |
_kLOC _cBK |
||
| 999 |
_c117528 _d117528 |
||